000 00516nam a2200193Ia 4500
003 GCL
008 140319s9999 xx 000 0 eng d
040 _aGCL /
_cGCL
082 0 4 _a113.0917
_bA Z
100 1 _aNASR, SEYYED
245 1 0 _aAN INTRODUCTION TO ISLAMIC COSMOLOGICAL DOCTRINES /
_cNASR, SEYYED
260 _a[S.N] :
_bSTATE UNVIERSITY ،
_c1993
300 _a321 P
650 0 4 _aAVICENNA
650 0 4 _aISLAM - COSMOLOGY
650 0 4 _aIKHWAN AL SAFA
650 0 4 _aMUHAMMD LN AHMAD
942 _2ddc
_cBK
999 _c25119
_d25119